000 00582cam a2200229ua 4500
001 11046
005 20260515114712.0
008 190806n ii |||gr||||Z||||||asm
020 _a9789385439179
040 _cMAIN
041 _aasm
082 _a910
100 _aBhrigumoni Nath,
_eAuthor.
245 _aParyatan aru paribhraman byabosthapana
_cBy Bhrigumoni Nath
250 _a2nd rev. ed.
260 _aJorhat:
_bBidya bhawan,
_c2017.
300 _a239p.
653 _aGeography & travel
653 _aTourism
700 _aDipamjyoti Buragohain,
_eAuthor.
942 _cBK
999 _c9941
_d9941